The art of computer programming (Record no. 5344)

MARC details
000 -LEADER
fixed length control field 00408nam a2200169Ia 4500
003 - CONTROL NUMBER IDENTIFIER
control field SGT
020 ## - INTERNATIONAL STANDARD BOOK NUMBER
International Standard Book Number 9788131709832
082 ## - DEWEY DECIMAL CLASSIFICATION NUMBER
Classification number 5.1
Item number KUN
100 ## - MAIN ENTRY--PERSONAL NAME
Personal name Kunth,D.E
245 #4 - TITLE STATEMENT
Title The art of computer programming
250 ## - EDITION STATEMENT
Edition statement 2nd . . Ed.
260 ## - PUBLICATION, DISTRIBUTION, ETC. (IMPRINT)
Name of publisher, distributor, etc Pearson
Place of publication, distribution, etc N.Delhi
Year of Publication 2010
300 ## - PAGE DESCRIPTION
No. of Pages 780p.
650 ## - SUBJECT ADDED ENTRY--TOPICAL TERM
Topical term or geographic name as entry element COMPUTER SCIENCE
653 ## - KEYWORDS--INDEX TERM
Keyword term SORTING,SEARCHING,TABLE OF NUMERICAL QUANTITIES
942 ## - ADDED ENTRY ELEMENTS (KOHA)
Source of classification or shelving scheme Dewey Decimal Classification
Koha item type Books
Holdings
Withdrawn status Lost status Source of classification or shelving scheme Damaged status Not for loan Home library Current library Date acquired Volume Information (Serial or Books or Non-Book Material) SGTU Total Checkouts Full call number Accession No. (Barcode) Date last seen Bill Date Koha item type
    Dewey Decimal Classification     SGT Engineering Library SGT Engineering Library 24/09/2011 3 SGTU   5.1 KUN FE4199 09/02/2015 09/02/2015 Books
    Dewey Decimal Classification     SGT Engineering Library SGT Engineering Library 24/09/2011 3 SGTU   5.1 KUN FE4200 09/02/2015 09/02/2015 Books
    Dewey Decimal Classification     SGT Engineering Library SGT Engineering Library 24/09/2011 3 SGTU   5.1 KUN FE4201 09/02/2015 09/02/2015 Books
    Dewey Decimal Classification     SGT Engineering Library SGT Engineering Library 24/09/2011 3 SGTU   5.1 KUN FE4202 09/02/2015 09/02/2015 Books
    Dewey Decimal Classification     SGT Engineering Library SGT Engineering Library 24/09/2011 3 SGTU   5.1 KUN FE4203 09/02/2015 09/02/2015 Books